000 00801nam a2200253 i 4500
001 C2-0308868
003 PPAK
005 20180728095800.0
008 110518s1999 my a|||| ||||| | eng d
020 _a983993841X
040 _aPPAK
_beng
_cPPAK
_erda
082 0 4 _a371.009595
_223
090 0 0 _a371.009595
_bKUA
_dKMI
100 1 _aKua, Kia Soong,
_eauthor
245 1 2 _aA protean saga :
_bthe chinese schools of Malaysia
250 _aThird edition
264 1 _aKajang, Selangor :
_bDong Jiao Zong Higher Learning Centre ,
_c1999
300 _axiii, 222 pages :
_billustrations ;
_c21 cm
336 _2rdacontent
_atext
337 _2rdamedia
_aunmediated
338 _2rdacarrier
_avolume
650 1 0 _aSchools, Chinese Malaysia History. ; Chinese Malaysia education.
942 _ddc
_cB
999 _c111437
_d111437